000
00308nam a22001337a 4500
003
SGT
082
_a
615.32103
_b
C14S
100
_a
SHARMA, PRIYAVRAT
245
_a
CLASSICAL USE OF MEDICINAL PLANT
260
_a
VARANASI
_b
CHAUKHAMBHA PUB
_c
2014
300
_a
848
650
_a
MEDICINAL PLANT
942
_2
ddc
_c
BK
999
_c
8406
_d
8406